LEADER 01248nam a2200277 a 4500 001 000000119299 003 CaOOAMICUS 005 20100119111107.0 008 100119t2005 it u000 u ita r 020 $a88-7402-220-4 040 $aPUL$bita$dReb 100 1 $aMaldonato, Mauro.$0(OLS)http://pul/name/74575 245 10$aCerte estremitą della coscienza :$bscritti sul sentimento del limite /$cMauro Maldonato ; presentazione di Roberta Barni ; introduzione di Edgar Morin. 260 $aCantalupa (To) :$bEffatą,$c©2005. 300 $a173 p. ;$c21 cm. 490 1 $aAccademia 650 4$aCoscienza.$0(OLS)http://pul/subject/5039 700 1 $aMorin, Edgar,$d1921-$0(OLS)http://pul/name/33041 700 1 $aBarni, Roberta.$0(OLS)http://pul/name/74576 830 0$aAccademia.$0(OLS)http://pul/title/135530 850 $aPUL 852 $aPUL$W1$xSL Filosofia 3$y81$m150. 19 MALMA 1$j136903$qDDC 21$B135922$CPULBib$Z2$F135922 $H109245 $82 941 1 $a9 996 $6020$a88-7402-220-4$9(OLS)http://pul/number/143025 996 $6245$aCerte estremitą della coscienza :$bscritti sul sentimento del limite$9(OLS)http://pul/title/150118 996 $6260$aCantalupa (To) :$bEffatą$9(OLS)http://pul/publisher/68547 LEADER 01196nam a2200265 u 4500 001 000000106438 003 CaOOAMICUS 005 20080211125834.0 008 070723s2007 it u000 u ita u 020 $a88-598-0085-4 040 $aPUL$bita$dLDB 100 1 $aPastore, Carmela Simona.$0(OLS)http://pul/name/65369 245 13$aLa famiglia di fatto :$banalisi e disciplina di un modello familiare attuale e diffuso /$cCarmela Simona Pastore. 260 $aTorino :$bUTET,$cc2007. 300 $axviii, 231 p. ;$c24 cm. 490 1 $aGiurisprudenza critica 650 4$aFamiglie di fatto (diritto).$0(OLS)http://pul/subject/39785 830 0$aGiurisprudenza critica.$0(OLS)http://pul/title/105621 850 $aPUL 852 $aPUL$W1$xSL Diritto e Scienze Sociali 3$y79$m340. 02 COLL 1.39$j130631$qDDC 21$B119510$CPULBib$Z2$F119510 $H104739 $82 941 1 $a9 960 $aFamiglia di fatto$939785 996 $6020$a88-598-0085-4$9(OLS)http://pul/number/135281 996 $6245$aLa famiglia di fatto :$banalisi e disciplina di un modello familiare attuale e diffuso$9(OLS)http://pul/title/134045 996 $6260$aTorino :$bUTET$9(OLS)http://pul/publisher/48088